<?xml version="1.0" encoding="UTF-8"?>
<record
    xmlns:xsi="http://www.w3.org/2001/XMLSchema-instance"
    xsi:schemaLocation="http://www.loc.gov/MARC21/slim http://www.loc.gov/standards/marcxml/schema/MARC21slim.xsd"
    xmlns="http://www.loc.gov/MARC21/slim">

  <leader>01721cam a22003132u 4500</leader>
  <controlfield tag="001">a6158803</controlfield>
  <controlfield tag="003">CO-ViMGA</controlfield>
  <controlfield tag="005">20230915233614.0</controlfield>
  <controlfield tag="008">180420s2011    sp |||||o|||| ||| ||spa d</controlfield>
  <datafield tag="020" ind1=" " ind2=" ">
    <subfield code="a">9789587049787</subfield>
  </datafield>
  <datafield tag="040" ind1=" " ind2=" ">
    <subfield code="a">CO-ViMGA</subfield>
    <subfield code="b">spa</subfield>
    <subfield code="c">CO-ViMGA</subfield>
  </datafield>
  <datafield tag="082" ind1="0" ind2="4">
    <subfield code="a">I 813 </subfield>
    <subfield code="b">M478ad</subfield>
  </datafield>
  <datafield tag="100" ind1="1" ind2=" ">
    <subfield code="a">McDonald, Megan</subfield>
    <subfield code="d">1959-</subfield>
    <subfield code="4">aut</subfield>
    <subfield code="9">1103</subfield>
  </datafield>
  <datafield tag="240" ind1="1" ind2="0">
    <subfield code="a">Judy Moody predicts the future</subfield>
    <subfield code="l">Espa&#xF1;ol</subfield>
  </datafield>
  <datafield tag="245" ind1="1" ind2="0">
    <subfield code="a">Judy Moody adivina el futuro /</subfield>
    <subfield code="c">Megan McDonald ; ilustrado por Peter H. Reynolds</subfield>
  </datafield>
  <datafield tag="260" ind1=" " ind2=" ">
    <subfield code="a">Barcelona</subfield>
    <subfield code="b">Alfaguara infantiles y juveniles</subfield>
    <subfield code="c">2011</subfield>
  </datafield>
  <datafield tag="300" ind1=" " ind2=" ">
    <subfield code="a">1 recurso en l&#xED;nea</subfield>
    <subfield code="b">il.</subfield>
  </datafield>
  <datafield tag="490" ind1="0" ind2=" ">
    <subfield code="a">Judy moody</subfield>
  </datafield>
  <datafield tag="500" ind1=" " ind2=" ">
    <subfield code="a">Registro generado autom&#xE1;ticamente a partir de metadatos facilitados por Libranda</subfield>
  </datafield>
  <datafield tag="520" ind1="3" ind2=" ">
    <subfield code="a">Judy Moody cambia de humor seg&#xFA;n la ocasi&#xF3;n. &#xA1;Y ahora tiene un anillo del humor para demostrarlo! Adem&#xE1;s, ese anillo tiene Poderes S&#xFA;per Especiales y Judy se ha propuesto emplearlos para adivinar el futuro. Seg&#xFA;n las predicciones de Judy Moody, ahora llamada Madame M, sacar&#xE1; un 10 en el examen de Lengua. Y la aut&#xE9;ntica raz&#xF3;n de que el profesor Todd lleve gafas nuevas? &#xA1;es que est&#xE1; enamorado!</subfield>
  </datafield>
  <datafield tag="650" ind1="1" ind2="4">
    <subfield code="a">Cuentos infantiles estadounidenses</subfield>
    <subfield code="9">199</subfield>
  </datafield>
  <datafield tag="650" ind1="1" ind2="4">
    <subfield code="a">Vida cotidiana </subfield>
    <subfield code="v">Cuentos infantiles</subfield>
    <subfield code="9">1104</subfield>
  </datafield>
  <datafield tag="653" ind1=" " ind2=" ">
    <subfield code="a">Ficci&#xF3;n general (infantil/juvenil)</subfield>
  </datafield>
  <datafield tag="653" ind1=" " ind2=" ">
    <subfield code="a">Historias reales (infantil/juvenil)</subfield>
  </datafield>
  <datafield tag="700" ind1="1" ind2=" ">
    <subfield code="a">Reynolds, Peter H.</subfield>
    <subfield code="d">1961-</subfield>
    <subfield code="e">ilustrador</subfield>
    <subfield code="4">ill</subfield>
    <subfield code="9">1105</subfield>
  </datafield>
  <datafield tag="710" ind1="2" ind2=" ">
    <subfield code="a">Atalaire (Firma)</subfield>
    <subfield code="e">traductor</subfield>
    <subfield code="4">trl</subfield>
    <subfield code="9">1106</subfield>
  </datafield>
  <datafield tag="856" ind1="4" ind2="1">
    <subfield code="y">Acceso al documento electr&#xF3;nico</subfield>
    <subfield code="u">http://repositorio.dl-e.es/epub.vm?id=0000017105.epub</subfield>
    <subfield code="z">Acceso y/o uso restringido, disponible s&#xF3;lo desde la Biblioteca Nacional de Espa&#xF1;a y los centros de conservaci&#xF3;n</subfield>
  </datafield>
  <datafield tag="942" ind1=" " ind2=" ">
    <subfield code="2">ddc</subfield>
    <subfield code="c">BK</subfield>
  </datafield>
  <datafield tag="999" ind1=" " ind2=" ">
    <subfield code="c">37358</subfield>
    <subfield code="d">37358</subfield>
  </datafield>
  <datafield tag="952" ind1=" " ind2=" ">
    <subfield code="0">0</subfield>
    <subfield code="1">0</subfield>
    <subfield code="2">ddc</subfield>
    <subfield code="4">0</subfield>
    <subfield code="7">0</subfield>
    <subfield code="8">008</subfield>
    <subfield code="a">MEVIECAR</subfield>
    <subfield code="b">MEVIECAR</subfield>
    <subfield code="d">2020-04-18</subfield>
    <subfield code="l">0</subfield>
    <subfield code="o">I 813 M478ad</subfield>
    <subfield code="p">33395</subfield>
    <subfield code="r">2020-04-18 00:00:00</subfield>
    <subfield code="w">2020-04-18</subfield>
    <subfield code="y">BK</subfield>
  </datafield>
  <datafield tag="952" ind1=" " ind2=" ">
    <subfield code="0">0</subfield>
    <subfield code="1">0</subfield>
    <subfield code="2">ddc</subfield>
    <subfield code="4">0</subfield>
    <subfield code="7">0</subfield>
    <subfield code="8">008</subfield>
    <subfield code="a">MEVIECAR</subfield>
    <subfield code="b">MEVIECAR</subfield>
    <subfield code="d">2020-04-18</subfield>
    <subfield code="l">1</subfield>
    <subfield code="o">I 813 M478ad</subfield>
    <subfield code="p">33396</subfield>
    <subfield code="r">2021-11-29 00:00:00</subfield>
    <subfield code="s">2021-11-26</subfield>
    <subfield code="w">2020-04-18</subfield>
    <subfield code="y">BK</subfield>
  </datafield>
</record>
